[Event "Kiel op-B 28th"]
[Site "Kiel"]
[Date "2015.07.28"]
[Round "6"]
[White "Mueller, Richard1111"]
[Black "Borchert, Johann"]
[Result "0-1"]
[WhiteElo "1317"]
[BlackElo "1630"]
[PlyCount "86"]
[EventDate "2015.07.25"]
[EventType "swiss"]
[EventRounds "9"]
[EventCountry "GER"]
[SourceTitle "EXT 2017"]
[Source "ChessBase"]
[SourceDate "2016.10.25"]
[SourceVersion "1"]
[SourceVersionDate "2016.10.25"]
[SourceQuality "1"]

1. e4 e5 2. Nf3 d6 3. Bc4 Bg4 4. h3 Bh5 5. Nc3 Nf6 6. 0-0 c6 7. d3 h6 8. Be3 Nbd7 9. Kh1 Be7 10. a3 a6 11. b4 Nh7 12. Qe2 Ng5 13. g4 Nxf3 14. Qxf3 Bg6 15. Qg2 Bg5 16. Rae1 Qe7 17. f3 h5 18. Bb3 Bxe3 19. Rxe3 0-0-0 20. Kg1 Qh4 21. a4 hxg4 22. fxg4 f6 23. Be6 Rde8 24. Bf5 Bf7 25. Kh2 Kc7 26. Ref3 Nf8 27. Qg3 Qxg3+ 28. Rxg3 g6 29. Bxg6 Nxg6 30. Rxf6 Re7 31. Ne2 Be8 32. Rgf3 Rg7 33. c4 Bd7 34. d4 Bxg4 35. Rf7+ Rxf7 36. Rxf7+ Kb8 37. Rg7 Bxe2 38. Rxg6 exd4 39. Rxd6 d3 40. e5 Kc7 41. c5 Rh4 42. e6 Bg4 43. Rxd3 Bxe6 0-1